Sanat - "Mun sydämeni tänne jää" - Kari Tapio - Statistics

Yleistilastot
  • Tätä visaa on pelattu 62 kertaa
  • Keskiarvotulos 82 / 139
Vastaustilastot
Vastaus % Oikein
Mun
100%
mun
100%
ja
97%
jää
97%
sydämeni
97%
tänne
97%
on
90%
kun
86%
Kun
86%
aika
79%
se
76%
mennä
72%
aina
69%
pois
69%
66%
sen
66%
asuinpaikalleen
55%
lähelläsi
55%
vain
55%
viimeiseen
55%
haluat
52%
jos
52%
maa
52%
saan
52%
kesäiltaan
48%
laulut
48%
lauluton
48%
ois
48%
vaan
48%
vaik
48%
viivähtää
48%
kuulet
45%
syystuuli
45%
tavoitat
45%
hetken
41%
itse
41%
soi
41%
taas
41%
herkistyt
38%
kaiken
38%
kuin
38%
lintujen
38%
mennyt
38%
tietää
38%
vois
38%
kerran
34%
kevään
34%
kuiskeen
34%
lauluaan
34%
näät
34%
niin
34%
rantamainingin
34%
silloin
34%
sua
34%
verran
34%
ymmärrät
34%
ees
31%
oon
31%
tervehdin
31%
siinä
28%
enemmän
24%
luulet
24%
uskot
24%
Ehtoja vastaavia visoja ei löytynyt
Tulosjakauma
Jokaisen tuloksen saaneiden osuus
Persentiili vastausten määrän mukaan
Tuloshistoriasi
Et ole pelannut tätä visaa